000 nam a22 a 4500
999 _c182432
_d182432
003 BLK
005 20221209161445.0
008 180411b bul|||||r ||||||| ||bul||
040 _aBLK
041 _aBUL
_cBUL
080 _aНемска литература
_b821.112.2
_x-31
_z821.112.2-31
100 1 _aГьорлих, Гюнтер
_eпърви автор
_957553
139 _aГьорлих, Гюнтер
_bГ 97
245 1 0 _aСъобщение във вестника
_bРоман
_cГюнтер Гьорлих; прев. от нем. Николай Димитров Краев.
257 _aDEU
260 _aПловдив
_bХристо Г. Данов
_c1981
300 _a147 с.
_c22 см
380 _aX
500 _aОриг. загл. Eine Anzeine in der Zeitung. - 35 300 тир.
700 1 _aКраев, Николай Димитров
_eпрев. от нем.
_9380379
852 _aЦб 109034
856 4 _qpdf
_i0.00
_ldisable
856 4 _qpdf
_i0.00
_ldisable
942 _cKNG
_n0
_s1
944 _aCR
_c04.10.2016
_kРадостина_Карадакова
944 _aED
_c04.10.2016
_kРадостина_Карадакова
999 _d182432